The study of the axialeroad project establishment into sub-area i of colexime interprise forest concession (សិក្សាគំរោងស្ថាបនាផ្លវអាសីុយ៉ាល់ចូលអនុតំបន់១នៃព្រៃសម្បទានសហគ្រាសកូឡិចសីុម) (Record no. 3084)

000 -LEADER
fixed length control field 00688nam a22001577a 4500
003 - CONTROL NUMBER IDENTIFIER
control field OSt
005 - DATE AND TIME OF LATEST TRANSACTION
control field 20151104090031.0
008 - FIXED-LENGTH DATA ELEMENTS--GENERAL INFORMATION
fixed length control field 151104b xxu||||| |||| 00| 0 eng d
040 ## - CATALOGING SOURCE
Transcribing agency RUA
082 ## - DEWEY DECIMAL CLASSIFICATION NUMBER
Classification number FOR CHU 1996 B122 Or.1
100 ## - MAIN ENTRY--PERSONAL NAME
9 (RLIN) 3305
Personal name CHUM, KHENG.
245 ## - TITLE STATEMENT
Title The study of the axialeroad project establishment into sub-area i of colexime interprise forest concession (សិក្សាគំរោងស្ថាបនាផ្លវអាសីុយ៉ាល់ចូលអនុតំបន់១នៃព្រៃសម្បទានសហគ្រាសកូឡិចសីុម)
260 ## - PUBLICATION, DISTRIBUTION, ETC. (IMPRINT)
Place of publication, distribution, etc. Phnom Penh
Name of publisher, distributor, etc. RUA
Date of publication, distribution, etc. 1996
300 ## - PHYSICAL DESCRIPTION
Extent 129p.
Other physical details ill.
Dimensions 29cm.
942 ## - ADDED ENTRY ELEMENTS (KOHA)
Source of classification or shelving scheme
Koha item type FOR
Holdings
Price effective from Date last seen Permanent Location Not for loan Date acquired Source of classification or shelving scheme Koha item type Barcode Lost status Damaged status Shelving location Withdrawn status Current Location Full call number
2015-11-042015-11-04Library Block B 2015-11-04 FORRUA028749  B122 Library Block BFOR CHU 1996 B122 Or.1
2015-11-042015-11-04Library Block B 2015-11-04 FORRUA028755  B122 Library Block BFOR CHU 1996 B122 Or.2
2015-11-042015-11-04Library Block B 2015-11-04 FORRUA028827  B122 Library Block BFOR CHU 1996 B122 Or.3
មជ្ឈមណ្ឌលឯការនៃសាកលវិទ្យាល័យភូមិន្ទកសិកម្មចំការដូង

Powered by Koha